Manual de medición de costos por programas

Guardat en:
Dades bibliogràfiques
Autor corporatiu: Instituto Latinoamericano de Planificación Económica y Social (Autor)
Format: Llibre
Idioma:espanyol
Publicat: Santiago CEPAL-ILPES 1968
Col·lecció:Cuadernos del Instituto Latinoamericano de Planificación Económica y Social. Serie III, num. 1. Manuales Operativos
Matèries:
Etiquetes: Afegir etiqueta
Sense etiquetes, Sigues el primer a etiquetar aquest registre!

MARC

LEADER 00000nam a2200000 a 4500
001 UCR7900
003 CL-VaPUC
008 980519e19680000CL |||||||||||||||||spa|d
082 0 4 |a 657.42  |b INS  |2 21 
110 2 |a Instituto Latinoamericano de Planificación Económica y Social  |e author  |9 409435 
245 1 0 |a Manual de medición de costos por programas 
300 |a 94 p 
942 |c BK 
945 |d 19980519 00:00:00  |a crobeson 
260 |a Santiago  |b CEPAL-ILPES  |c 1968 
650 0 |a Contabilidad de costos   |9 260564 
650 0 |a Costos   |9 261063 
650 7 |a PLANIFICACION ECONOMICA  |2 CL-VaPUC  |9 321496 
583 |a last modification  |c 19980519 00:00:00  |k Rodrigo Vera 
490 0 |a Cuadernos del Instituto Latinoamericano de Planificación Económica y Social. Serie III, num. 1. Manuales Operativos 
999 |c 269478  |d 269476